| 000 | 00471 a2200181 4500 | ||
|---|---|---|---|
| 005 | 20260204150055.0 | ||
| 008 | 260204b |||||||| |||| 00| 0 eng d | ||
| 020 |
_a9789383692279 _cRs. 2995.00 |
||
| 040 | _aMAIN | ||
| 082 |
_a591.012 _bM455P |
||
| 100 | _aMayr, Ernst | ||
| 245 | _aPrinciples of systematic zoology | ||
| 260 |
_bUnited Book Traders _c2025 _aNew Delhi |
||
| 300 | _ax, 428 | ||
| 650 | _aZoology | ||
| 650 | _aSystematics- Zoology | ||
| 942 | _cBK | ||
| 999 |
_c395047 _d395047 |
||